• 首页
  • 本馆介绍
  • 公告通知
  • 最新文献
  • 馆藏检索
  • 电子资源
  • 读者导购
  • 参考咨询
  • 我的图书馆
  • 登录
  • 详细信息显示
  • 放入我的书架
  • 预约/预借图书
  • 作者相关作品
  • 分类相关作品
  • 丛书相关作品
  • 出版社相关作品

书目信息

  • 表格格式
  • 工作单格式
  • 卡片格式
题名:
热工基础及流体力学
    
 
作者: 郁岚 主编 ;杨小琨 , 李琳 编写
分册:  
出版信息: 北京   中国电力出版社  2006
页数: 334页
开本: 26cm
丛书名:
单 册:
中图分类: TK122 , O35
科图分类:
主题词: 热工学--高等学校--教材 , 流体力学--高等学校--教材 , 热工学 , 流体力学
电子资源:
ISBN: 978-7-5083-4645-8
000 01061nam0 2200313 45
001 1338846000
005 20130514151841.45
010    @a978-7-5083-4645-8@dCNY32.80
100    @a20130108d2006 em y0chiy0110 ea
101 0  @achi
102    @aCN@b110000
105    @aa z 000yy
106    @ar
200 1  @a热工基础及流体力学@ARe Gong Ji Chu Ji Liu Ti Li Xue@f郁岚主编@FYu Lan Zhu Bian@g杨小琨,李琳编写
210    @a北京@c中国电力出版社@d2006
215    @a334页@c图@d26cm
300    @a21世纪高等学校规划教材
330    @a本书包括工程热力学、工程流体力学和传热学三部分,其主要内容有:气体的热力性质、热力学基本定律、水蒸气及湿空气、气体和蒸汽的流动、蒸汽动力循环、液体的基本物理性质等。
606 0  @a热工学@x高等学校@j教材
606 0  @a流体力学@x高等学校@j教材
606 0  @a热工学
606 0  @a流体力学
690    @aTK122@v5
690    @aO35@v5
701  0 @a郁岚@AYu Lan@4主编
702  0 @a杨小琨@AYang Xiao Kun@4编写
702  0 @a李琳@ALi Lin@c(流体力学)@4编写
801    @aCN@bTANGWEI@c20130108
905    @b0828637-41@dTK122@e113@f5
    
    热工基础及流体力学/郁岚主编/杨小琨,李琳编写.-北京:中国电力出版社,2006
    334页:图;26cm
    21世纪高等学校规划教材
    
    ISBN 978-7-5083-4645-8:CNY32.80
    本书包括工程热力学、工程流体力学和传热学三部分,其主要内容有:气体的热力性质、热力学基本定律、水蒸气及湿空气、气体和蒸汽的流动、蒸汽动力循环、液体的基本物理性质等。
●
相关链接 在E读中查询图书 在五车中查询图书 在当当中查询图书 在豆瓣中查询图书


正题名:热工基础及流体力学     索取号:TK122/113         预约/预借

序号 登录号 条形码 馆藏地/架位号 状态 备注
1 0828637   208286371   第二样本阅览室/ [索取号:TK122/113] 在馆    
2 0828638   208286380   第三借阅区/ [索取号:TK122/113] 在馆    
3 0828639   208286399   第三借阅区/ [索取号:TK122/113] 在馆    
4 0828640   208286406   第三借阅区/ [索取号:TK122/113] 在馆    
5 0828641   208286415   第三借阅区/ [索取号:TK122/113] 在馆    
唐山师范学院图书馆 欢迎您!
大连网信软件有限公司© 版权所有